| Tag |
First Indicator |
Second Indicator |
Subfields |
| LEADER |
00000cam a2200000 a 4500 |
| 001 |
in00001237745 |
| 005 |
20151003071901.0 |
| 008 |
940711s1994 ne b 001 0 eng |
| 010 |
|
|
|a 94030156
|
| 020 |
|
|
|a 0792330595 (hard : alk. paper)
|
| 035 |
|
|
|a (OCoLC)30893520
|
| 035 |
|
|
|9 AGT5370AM
|
| 040 |
|
|
|a DLC
|c DLC
|d UtOrBLW
|
| 043 |
|
|
|a ee-----
|
| 049 |
|
|
|a TXAM
|
| 050 |
0 |
0 |
|a HC244
|b .G64 1994
|
| 082 |
0 |
0 |
|a 338.947
|2 20
|
| 245 |
0 |
0 |
|a Government and markets :
|b establishing a democratic constitutional order and a market economy in former socialist countries /
|c edited by Hendrikus J. Blommestein and Bernard Steunenberg.
|
| 264 |
|
1 |
|a Dordrecht ;
|a Boston :
|b Kluwer Academic Publishers,
|c [1994]
|
| 264 |
|
4 |
|c ©1994
|
| 300 |
|
|
|a xiii, 321 pages ;
|c 24 cm.
|
| 336 |
|
|
|a text
|b txt
|2 rdacontent
|
| 337 |
|
|
|a unmediated
|b n
|2 rdamedia
|
| 338 |
|
|
|a volume
|b nc
|2 rdacarrier
|
| 490 |
1 |
|
|a International studies in economics and econometrics ;
|v v. 32
|
| 504 |
|
|
|a Includes bibliographical references and indexes.
|
| 541 |
0 |
|
|a Donated by Susan Dixon Richardson and Joe C. Richardson, Jr. for the Jayne and William H. Mobley Collection in Presidential Studies.
|
| 651 |
|
0 |
|a Europe, Eastern
|x Economic policy
|y 1989-
|
| 650 |
|
0 |
|a Free enterprise
|z Europe, Eastern.
|
| 650 |
|
0 |
|a Post-communism
|z Europe, Eastern.
|
| 651 |
|
0 |
|a Europe, Eastern
|x Politics and government
|y 1989-
|
| 650 |
|
0 |
|a Democracy
|z Europe, Eastern.
|
| 700 |
1 |
|
|a Blommestein, H. J.,
|d 1950-
|
| 700 |
1 |
|
|a Steunenberg, Bernard.
|
| 830 |
|
0 |
|a International studies in economics and econometrics ;
|v v. 32.
|
| 999 |
|
|
|a MARS
|
| 999 |
f |
f |
|s 8fb2870a-1850-350c-a823-da6400fe016a
|i d334eedc-3488-30a3-84c0-998b7528547f
|t 0
|
| 952 |
f |
f |
|p ric
|a Texas A&M University
|b Rellis Campus
|c Joint Library Facility
|d Remote Storage
|t 0
|e HC244 .G64 1994
|h Library of Congress classification
|i unmediated -- volume
|m A14819581696
|
| 998 |
f |
f |
|a HC244 .G64 1994
|t 0
|l Remote Storage
|